<?xml version="1.0" encoding="UTF-8"?><?xml-stylesheet type="text/xsl" href="static/style.xsl"?><OAI-PMH xmlns="http://www.openarchives.org/OAI/2.0/" xmlns:xsi="http://www.w3.org/2001/XMLSchema-instance" xsi:schemaLocation="http://www.openarchives.org/OAI/2.0/ http://www.openarchives.org/OAI/2.0/OAI-PMH.xsd"><responseDate>2026-04-17T23:14:46Z</responseDate><request verb="GetRecord" identifier="oai:riubu.ubu.es:10259/7528" metadataPrefix="marc">https://riubu.ubu.es/oai/request</request><GetRecord><record><header><identifier>oai:riubu.ubu.es:10259/7528</identifier><datestamp>2023-10-28T00:05:26Z</datestamp><setSpec>com_10259_4431</setSpec><setSpec>com_10259_2684</setSpec><setSpec>col_10259_7518</setSpec></header><metadata><record xmlns="http://www.loc.gov/MARC21/slim" xmlns:doc="http://www.lyncode.com/xoai" xmlns:xsi="http://www.w3.org/2001/XMLSchema-instance" xmlns:dcterms="http://purl.org/dc/terms/" xsi:schemaLocation="http://www.loc.gov/MARC21/slim http://www.loc.gov/standards/marcxml/schema/MARC21slim.xsd">
<leader>00925njm 22002777a 4500</leader>
<datafield tag="042" ind1=" " ind2=" ">
<subfield code="a">dc</subfield>
</datafield>
<datafield tag="720" ind1=" " ind2=" ">
<subfield code="a">Marticorena Sánchez, Raúl</subfield>
<subfield code="e">author</subfield>
</datafield>
<datafield tag="260" ind1=" " ind2=" ">
<subfield code="c">2022</subfield>
</datafield>
<datafield tag="520" ind1=" " ind2=" ">
<subfield code="a">Este módulo plantea los elementos básicos para entender en qué consisten y cómo funcionan a un nivel abstracto los bots, entendidos como asistentes personales inteligentes. Mostrando además a su posible uso y utilidad en la rama de salud, y apuntando a sus futuras aplicaciones en la atención temprana.</subfield>
</datafield>
<datafield tag="520" ind1=" " ind2=" ">
<subfield code="a">The module sets out with the basic elements to understand what botsare (as intelligent&#xd;
personal assistants) and how they work at an abstract level. It also shows their possible&#xd;
use and usefulness in the field of health, and points to their future applications in early&#xd;
care.</subfield>
</datafield>
<datafield tag="520" ind1=" " ind2=" ">
<subfield code="a">Il modulo fornisce gli elementi di base per capire cosa sono i bot (come assistenti&#xd;
personali intelligenti) e come funzionano a livello astratto. Mostra inoltre il loro possibile&#xd;
utilizzo e la loro utilità nel campo della salute e indica le loro future applicazioni&#xd;
nell'assistenza precoce.</subfield>
</datafield>
<datafield tag="520" ind1=" " ind2=" ">
<subfield code="a">Modul je dao prikaz osnovnih elemenata kako bismo razumjeli što su botovi i kako rade na apstraktnoj razini. Također ukazuje na mogućnost primjene i korisnost primjene u području zdravlja, s naglaskom na primjenu tijekom rane skrbi u budućnosti.</subfield>
</datafield>
<datafield tag="024" ind2=" " ind1="8">
<subfield code="a">http://hdl.handle.net/10259/7528</subfield>
</datafield>
<datafield tag="245" ind1="0" ind2="0">
<subfield code="a">Módulo VII.2. Intervención temprana y aplicación de recursos inteligentes: Intelligent personal assistants.</subfield>
</datafield>
</record></metadata></record></GetRecord></OAI-PMH>